| 000 | 01065cab a22001935a 4500 | ||
|---|---|---|---|
| 001 | L145880 | ||
| 008 | 081119e20081114xxkdo f s 000 0 eng d | ||
| 035 | _a(Sirsi) u145880 | ||
| 041 | 0 | _aeng | |
| 100 | 1 | _aVasko, Miroslav | |
| 245 | 0 | 0 |
_aCountry focus _bCzech Republic |
| 260 | _c2008 | ||
| 490 | 0 |
_aBuilding _v273 (8554) 14 November 2008, 66-68 (3) |
|
| 520 | _aShows that the credit crunch did not really have a strong impact on the Czech economy up to now. Suggests a slight slowdown of GDP growth this year, from 6.6% to 4.4%. Inflation is increasing and unemployment rate is at 4.7%, the lowest since mid-nineties. Reports that house prices have increased. Present details of property market. Explains that the construction market had a steady growth for the past 15 years, except between 1997 and 1999. Construction costs increased by 4.6% in 2007. Tables of the Czech economy at glance, the construction industry, and construction costs. | ||
| 590 | _aKA | ||
| 651 | 4 | _aCzech Republic | |
| 690 | _aBUILT ENVIRONMENT-CONSTRUCTION MARKET | ||
| 942 | _n0 | ||
| 999 |
_c80962 _d80962 |
||